LEADER 01377nam a2200313 a 4500 001 000000121154 003 CaOOAMICUS 005 20100412154800.0 008 100412t2010 it aboe u000 u ita r 040 $aPUL$bita$dReb 041 1 $aita$heng 082 04$a930 100 1 $aCowan, Ross.$0(OLS)http://pul/name/75858 245 12$aL'esercito di Augusto /$cRoss Cowan ; illustrazioni di Brian Delf [et al.]. 260 $aMilano :$bRBA Italia,$c©2010. 300 $a71 p. :$bill., c. geogr., foto ;$c25 cm. 490 1 $aRoma e Grecia$aLe battaglie, gli eserciti, i grandi condottieri 490 1 $aRoma$aL'impero I 500 $aPubblicazione periodica settimanale. 504 $aInclude bibliografia ed indice. 651 4$aRoma$xStoria militare.$0(OLS)http://pul/subject/29855 700 1 $aDelf, Brian.$0(OLS)http://pul/name/75859 830 0$aRoma e Grecia$pLe battaglie, gli eserciti, i grandi condottieri.$0(OLS)http://pul/title/150360 830 0$aRoma$pL'impero I.$0(OLS)http://pul/title/152364 850 $aPUL 852 $aPUL$W1$xDP2 Filosofia 3$y112$m930 COLL 2.5$j138915$qDDC 21$q $B138154$CPULBib$Z2$F138154 $H113244 $81 996 $6082$a930$9(OLS)http://pul/classification/398 996 $6245$aL'esercito di Augusto$9(OLS)http://pul/title/152363 996 $6260$aMilano :$bRBA Italia$9(OLS)http://pul/publisher/80118 LEADER 01586nam a2200337 a 4500 001 000000158868 003 CaOOAMICUS 005 20170215105338.0 008 170215s2002 vc u000 u ita r 020 $a88-209-7268-9* 032 $aLibriCat 040 $aPUL$bita 082 04$a234 100 1 $aCaputa, Giovanni.$0(OLS)http://pul/name/77455 245 13$aIl sacerdozio dei fedeli secondo san Beda :$bun itinerario di maturitą cristiana /$cGiovanni Caputa ; presentazione di Achille Maria Triacca. 260 $aCittą del Vaticano :$bLibreria editrice vaticana,$c2002. 300 $aVII, 326 p. ;$c24 cm. 490 1 $aMonumenta studia instrumenta liturgica ;$v16 504 $aBibliografia in nota. 600 04$aBeda Venerabilis,$cs.,$d673-735.$0(OLS)http://pul/subject/13008 650 4$aSalvezza$xDottrine$xStoria.$0(OLS)http://pul/subject/28413 700 1 $aTriacca, Achille M.,$d1935-2002.$0(OLS)http://pul/name/59441 830 0$aMonumenta studia instrumenta liturgica ;$v16.$0(OLS)http://pul/title/67037 850 $aPUL 852 $aPUL$W1$xSL Religione 3$y85$m234 CAPGI 1$j182173$qDDC 21$B185360$CPULBib$Z2$F185360 $H128959 $81 941 1 $a9 996 $6020$a88-209-7268-9*$9(OLS)http://pul/number/162074 996 $6082$a234$9(OLS)http://pul/classification/573 996 $6245$aIl sacerdozio dei fedeli secondo san Beda :$bun itinerario di maturitą cristiana$9(OLS)http://pul/title/198473 996 $6260$aCittą del Vaticano :$bLibreria editrice vaticana$9(OLS)http://pul/publisher/47920